| 000 | 00596nam a2200217Ia 4500 | ||
|---|---|---|---|
| 005 | 20260429111911.0 | ||
| 008 | 260429s9999||||xx |||||||||||||| ||und|| | ||
| 020 | _a9789347227028 | ||
| 041 | _aEnglish | ||
| 082 |
_a006.31 _bRET |
||
| 100 | _aRethinavalli, S. | ||
| 245 | 0 |
_aDeep learning : _btechniques and models / _cS. Rethinavalli |
|
| 250 | _a1st ed. | ||
| 260 |
_aChennai : _bNational Academic Press, _c2026. |
||
| 300 | _avi, 186 p.; hb | ||
| 650 | _a Artificial intelligence | ||
| 650 | _a Deep learning | ||
| 650 | _aComputer science | ||
| 700 | _a Hareesh, S. | ||
| 942 | _cTB | ||
| 999 |
_c51337 _d51337 |
||